| 000 | 00000nam##2200000za#4500 |
| 001 | 9.574528 |
| 003 | CaOODSP |
| 005 | 20210624184228 |
| 007 | cr ||||||||||| |
| 008 | 150406|2006||||xxc|||||o f|0| 0 eng|d |
| 040 | |aCaOODSP|beng |
| 043 | |an-cn--- |
| 086 | 1 |aTU3-5/06-29E-PDF |
| 110 | 2 |aTransportation Safety Board of Canada. |
| 245 | 10|aLoss of control – transmission pylon support spindle fracture - Quantum Helicopters Ltd. Bell 206B (helicopter) C-GSLV, Alice Arm, British Columbia, 19 September 2006 |h[electronic resource] |
| 260 | |aGatineau - Quebec : |bTransportation Safety Board of Canada |c2007. |
| 300 | |a15p.|bfig., photographs |
| 490 | 1 |aAviation investigation report |vA06P0190 |
| 500 | |a"The Board authorized the release of this report on 29 November 2007" --p.14. |
| 590 | |a12-33-Supp|b2012-07-18 |
| 775 | 08|tPerte de maîtrise causée par la rupture d'un axe de support du pylône de la boîte de transmission de l'hélicoptère Bell 206B C-GSLV, exploité par Quantum Helicopters Ltd. à Alice Arm (Colombie-Britannique), le 19 septembre 2006 |w(CaOODSP)9.604272 |
| 830 | #0|aAviation investigation report ;|vA06P0190|w(CaOODSP)9.504825 |
| 856 | 40|ahttp://publications.gc.ca|qPDF|s399 KB|uhttps://publications.gc.ca/collections/collection_2012/bst-tsb/TU3-5-06-29-eng.pdf|yA06P0190 |